000 01027nam a22003017a 4500
008 130821s1965 it gr dita
040 _aCo-BoUCM
_bspa
041 0 0 _aita
092 _aFM 000219
100 _aCrispolti, Enrico
_9124057
245 0 0 _aGeorges Rouault
_cEnrico Crispolti
260 _aMilán (Italia)
_bFratelli Fabri Editori
_c1965
300 _a24 páginas
490 _aI Maestri del Colore; 112
500 _aIncluye índice. -- Este libro se encuentra en el depósito de la biblioteca
600 _aRouault, Georges
_d1871-1958
_9124058
600 _aRouault, Georges
_d1871-1958
_vBiografías
_9124059
600 _aRouault, Georges
_d1871-1958
_xTrabajos pictóricos
_9124060
650 0 4 _aArte moderno
_99500
650 0 4 _aBiografías
_97343
650 0 4 _aExpresionismo (Arte)
_915472
650 0 4 _aFauvismo
_915610
650 0 4 _aPintores franceses
_921513
650 0 4 _aPintura francesa
_921547
650 0 4 _aPintura religiosa
_921565
650 0 4 _aPinturas
_921575
942 _cLIBRO
_a27
_e1
_n0
999 _c85025
_d85025